Population and the Japanese economy (Record no. 7)
[ view plain ]
| 000 -Trường điều khiển | |
|---|---|
| 01451cam a2200253 i 4500 | |
| 005 - Thời gian thao tác lần cuối với biểu ghi | |
| 20240524071026.0 | |
| 008 - Trường có độ dài cố định -- Thông tin chung tài liệu | |
| 211102s2020 ja eng | |
| 020 ## - Số sách chuẩn quốc tế ISBN | |
| Số ISBN | 9784866580562 |
| 040 ## - Thông tin cơ quan biên mục | |
| Cơ quan biên mục gốc | DLC |
| Ngôn ngữ biên mục | eng |
| Quy tắc mô tả | AACR2 |
| 041 1# - Mã ngôn ngữ | |
| Mã ngôn ngữ của chính văn | eng |
| Mã ngôn ngữ tài liệu gốc | jpn |
| 082 04 - Ký hiệu phân loại DDC | |
| Chỉ số DDC | 330.952 |
| 100 1# - Tiêu đề chính -- Tên cá nhân | |
| Họ tên cá nhân | Yoshikawa, Hiroshi |
| Năm tháng đi kèm với tên | 1951- |
| 245 10 - Nhan đề chính | |
| Nhan đề chính | Population and the Japanese economy |
| Phần còn lại của nhan đề | : longevity, innovation, and economic growth |
| Thông tin trách nhiệm | / Yoshikawa Hiroshi ; translated by Charles Stewart |
| 250 ## - Thông tin lần xuất bản | |
| Lần xuất bản | 1st |
| 260 ## - Địa chỉ xuất bản | |
| Nơi xuất bản | Tokyo |
| Nhà xuất bản | : Japan Publishing Industry Foundation for Culture |
| Năm xuất bản | , 2020 |
| 300 ## - Mô tả vật lý | |
| Độ lớn/Số trang | 206 p. |
| Kích thước, khổ cỡ | ; 20 cm |
| 490 0# - Thông tin tùng thư | |
| Japan library | |
| 504 ## - Phụ chú thư mục | |
| Phụ chú về thư mục | Includes bibliographical references p. 202-206. |
| 520 ## - Tóm tắt/Chú giải | |
| Japan, a country where population decline is progressing and the number of workers is decreasing. While the fiscal deficit continues to expand, rural regions are in a crisis of disappearance. Isn't the decline of the nation already inevitable? Versus such preconceptions, economics which has struggled with population issues over many years responds "No!" Innovation holds the key to economic growth, and the fact that Japan is one of the world's leading longevity societies poses an opportunity. This book sweeps away the "population decline pessimism" that has spread throughout Japan and approaches the real issues of the Japanese economy | |
| 653 #0 - Thuật ngữ chủ đề không kiểm soát | |
| Từ khóa | Population aging |
| 653 #0 - Thuật ngữ chủ đề không kiểm soát | |
| Từ khóa | Technological innovations |
| 700 1# - Tiêu đề bổ sung -- Tên cá nhân | |
| Họ tên cá nhân | Stewart, Charles. |
| 942 ## - Định dạng tài liệu (KOHA) | |
| Nguồn phân loại | Dewey Decimal Classification |
| Kiểu tài liệu (Koha) | Books |
| Số lần ghi mượn | Ký hiệu phân loại | Đăng ký cá biệt | Cập nhật lần cuối | Số bản sao | Ngày áp dụng giá thay thế | Kiểu tài liệu | Trạng thái mất tài liệu | Nguồn phân loại | Trạng thái hư hỏng | Không cho mượn về | Trạng thái lưu thông | Thư viện sở hữu | Thư viện lưu trữ | Kho tài liệu | Ngày bổ sung |
|---|---|---|---|---|---|---|---|---|---|---|---|---|---|---|---|
| 330.952 | DL00000006 | 09/05/2024 | 1 | 09/05/2024 | Books | Dewey Decimal Classification | Sẵn sàng lưu thông | Centerville | Centerville | Fiction | 09/05/2024 |
